1380 1445 1345 1443 1460 1095 1614 1779 1907 1070 1670 1597 1309 1318 1517 1717 1089 1828 1713 1232 1986 1544 1707 1871 1216 1257 1257 1925 1121 1629 1401 1535 1507 1927 1634 1394 1486 1217 1260 1806 1028 1362 1917 1854 1529 1676 1828 1422 1573 1556 1507 1825 1888 1186 1130 1624 1054 1445 1273 1009 1781 1733 1895 1944 1502 1674 1448 1001 1542 1483 1179 1832 1094 1206 1576 1169 1900 1965 1055 1262 1407 1566 1435 1190 1756 1649 1782 1169 1757 1243 1591 1689 1314 1285 1562 1927 1484 1824 1061 BCNSPRNW ULIB Ver.6.0+V

เปลี่ยนเป็นภาษาไทย

Change to English
 แสดงรายละเอียดบรรณานุกรม
  กลับหน้าหลัก

Brief Record : Get Marc (ISO 2709) : E-mail record : QR code < ปิดหน้าต่าง
LEADER : 00000nam 2200000uu 4500
001    13399123757
003     ULIB
008    141125s2556||||th 000 0 tha d
020    ^a9789747473353
060  4 ^aQX4^bส732ภ
100 0  ^aสิริมา กิจวัฒนชัย
245 10 ^aภาพสีปรสิตวิทยาและสัตว์ขาข้อทางการแพทย์พร้อมคำบรรยาย =^bMedical parasitology and arthropods with color pictures /^cสิริมา กิจวัฒนชัย
246 31 ^aMedical parasitology and arthropods with color pictures.
250    ^aพิมพ์ครั้งที่ 2(ปรับปรุง)
260    ^aกรุงเทพฯ :^bมิสเตอร์ก๊อบปี้,^c2556.
300    ^a176 หน้า :^bภาพประกอบ
650  7 ^aสัตว์ขาข้อ^xการบันทึกภาพด้วยรังสี
650  7 ^aปรสิตวิทยาทางการแพทย์^xการบันทึกภาพด้วยรังสี
945    ^p285^l0^i21941
945    ^p285^l0^i21942
945    ^p285^l0^i21943
945    ^p285^l0^i21944
945    ^p285^l0^i21945
999    ^aทศพร เกษรทอง
รายการนี้ยังไม่มีแท็ก
คุณยังไม่ได้ล็อกอิน คุณสามารถมีกิจกรรมร่วมกับเว็บไซต์ได้ แต่ต้องล็อกอินก่อน ::
  ล็อกอิน

รายการสื่อสารสนเทศ

ลำดับที่ ประเภท เลขเรียก/บาร์โค้ด สถานที่ สถานะ
1. วิทยาศาสตร์การแพทย์ และสุขภาพ
วิทยาศาสตร์การแพทย์ และสุขภาพ
สถานะ=หนังสือเก่า
QX4 ส732ภ ฉ.1 
  Barcode: 21941
ห้องสมุดวิทยาเขตนครสวรรค์
►ส่วนจัดเก็บหนังสือเก่า นว.
บนชั้น
  ขอยืม
2. วิทยาศาสตร์การแพทย์ และสุขภาพ
วิทยาศาสตร์การแพทย์ และสุขภาพ
สถานะ=หนังสือเก่า
QX4 ส732ภ ฉ.2 
  Barcode: 21942
ห้องสมุดวิทยาเขตนครสวรรค์
►ส่วนจัดเก็บหนังสือเก่า นว.
บนชั้น
  ขอยืม
3. วิทยาศาสตร์การแพทย์ และสุขภาพ
วิทยาศาสตร์การแพทย์ และสุขภาพ
สถานะ=หนังสือเก่า
QX4 ส732ภ ฉ.3 
  Barcode: 21943
ห้องสมุดวิทยาเขตนครสวรรค์
►ส่วนจัดเก็บหนังสือเก่า นว.
บนชั้น
  ขอยืม
4. วิทยาศาสตร์การแพทย์ และสุขภาพ
วิทยาศาสตร์การแพทย์ และสุขภาพ
สถานะ=หนังสือเก่า
QX4 ส732ภ ฉ.4 
  Barcode: 21944
ห้องสมุดวิทยาเขตนครสวรรค์
►ส่วนจัดเก็บหนังสือเก่า นว.
บนชั้น
  ขอยืม
5. วิทยาศาสตร์การแพทย์ และสุขภาพ
วิทยาศาสตร์การแพทย์ และสุขภาพ
สถานะ=หนังสือเก่า
QX4 ส732ภ ฉ.5 
  Barcode: 21945
ห้องสมุดวิทยาเขตนครสวรรค์
►ส่วนจัดเก็บหนังสือเก่า นว.
บนชั้น
  ขอยืม

รายการใกล้เคียง
    ผู้แต่ง [สิริมา กิจวัฒนชัย]

BibComment


ยังไม่เคยถูกคอมเมนท์

คอมเมนท์ทรัพยากรรายการนี้
  คอมเมนท์: ภาพสีปรสิตวิทยาแ..


 Copyright 2026. Bcnsprnw @Library